| 000 | 00705nam a2200205Ia 4500 | ||
|---|---|---|---|
| 008 | 0000001989 be a 0000000000fre00 | ||
| 090 | _aPSP00 P42j | ||
| 100 | 1 |
_aPlensa, Jaume _d1955 |
|
| 245 | 1 | 0 |
_aJaume Plensa _c/ photographie R. Asselberghs, L. Samsó |
| 300 |
_a53 p. _c/ 30 cm. |
||
| 500 | _aCon el patronazgo del maestro venezolano Jesús Rafael Soto (q.e.p.d.) | ||
| 600 | 0 | 0 |
_aPLENSA, JAUME, 1955 / _xTRABAJOS PICTORICOS |
| 650 | 1 | 4 | _aARTE CONTEMPORANEO ESPAÑOL |
| 650 | 1 | 4 | _xCATALOGOS |
| 650 | 1 | 4 | _xEXPOSICIONES |
| 650 | 1 | 4 | _aPINTORES ESPAÑOLES |
| 650 | 1 | 4 | _aPINTURA ESPAÑOLA |
| 700 | 1 | _aAsselberghs, R. \ Sansó, L. | |
| 999 |
_c4636 _d4636 |
||
| 260 |
_aBruxelles : Philippe Guimiot _c1989 |
||